Catálogo de las plantas aromáticas, condimentarias y medicinales de la región de Murcia / (Record no. 5869)

MARC details
000 -LEADER
campo de control de longitud fija 01176nam a2200289 i 4500
001 - NÚMERO DE CONTROL
campo de control 5869
003 - IDENTIFICADOR DE NÚMERO DE CONTROL
campo de control ES-MaACL
005 - FECHA Y HORA DE LA ÚLTIMA TRANSACCIÓN
campo de control 20230906144718.0
007 - CAMPO FIJO DE DESCRIPCIÓN FÍSICA--INFORMACIÓN GENERAL
campo de control de longitud fija t|
008 - DATOS DE LONGITUD FIJA--INFORMACIÓN GENERAL
campo de control de longitud fija 890601s1989 sp a c |||| | spa d
020 ## - NÚMERO INTERNACIONAL ESTÁNDAR DEL LIBRO
Número Internacional Estándar del Libro 84-7498-321-5
080 ## - NÚMERO DE LA CLASIFICACIÓN DECIMAL UNIVERSAL
Número de la Clasificación Decimal Universal 633.8(467.4)
100 1# - ENTRADA PRINCIPAL--NOMBRE DE PERSONA
Nombre de persona Alcaraz Ariza, Francisco José.
9 (RLIN) 19513
245 10 - MENCIÓN DEL TÍTULO
Título Catálogo de las plantas aromáticas, condimentarias y medicinales de la región de Murcia /
Mención de responsabilidad, etc. Francisco José Alcaraz Ariza, Pedro Sánchez Gómez, Enrique Correal Castellanos.
260 ## - PUBLICACIÓN, DISTRIBUCIÓN, ETC.
Lugar de publicación, distribución, etc. Madrid :
Nombre del editor, distribuidor, etc. Instituto Nacional de Investigaciones Agrarias,
Fecha de publicación, distribución, etc. 1989.
300 ## - DESCRIPCIÓN FÍSICA
Extensión 156 p. :
Otras características físicas il. ;
Dimensiones 24 cm.
490 1# - MENCIÓN DE SERIE
Mención de serie Monografías I.N.I.A. ;
Designación de volumen o secuencia 67
504 ## - NOTA DE BIBLIOGRAFÍA, ETC.
Nota de bibliografía, etc. Bibliografía: p. 151-154.
505 8# - NOTA DE CONTENIDO CON FORMATO
Nota de contenido con formato Contiene: ;
Título Caracterización del medio ;
-- Catálogo de la familia labiadas
650 14 - PUNTO DE ACCESO ADICIONAL DE MATERIA--TÉRMINO DE MATERIA
Término de materia o nombre geográfico como elemento de entrada Labiadas-
Subdivisión geográfica Murcia (Comunidad Autónoma)-
Subdivisión de forma Catálogos.
9 (RLIN) 14044
700 1# - ENTRADA AGREGADA--NOMBRE PERSONAL
Nombre de persona Sánchez Gómez, Pedro.
9 (RLIN) 102681
700 1# - ENTRADA AGREGADA--NOMBRE PERSONAL
Nombre de persona Correal Castellanos, Enrique.
9 (RLIN) 40763
710 2# - ENTRADA AGREGADA--NOMBRE DE ENTIDAD CORPORATIVA
Nombre de entidad corporativa o nombre de jurisdicción como elemento de entrada Instituto Nacional de Investigaciones Agrarias (España)
9 (RLIN) 5168
830 0# - PUNTO DE ACCESO ADICIONAL DE SERIE-TÍTULO UNIFORME
Título uniforme Monografías I.N.I.A. ;
Designación de volumen o secuencia 67
9 (RLIN) 177538
852 ## - LOCALIZACIÓN
Ubicación ES-MaACL
Número de control de estantería L-12884
Holdings
Estatus retirado Estado de pérdida Estado de daño No para préstamo Biblioteca de origen Biblioteca actual Ubicación en estantería Fecha de adquisición Fuente de adquisición Total de préstamos Signatura topográfica completa Código de barras Visto por última vez Precio de reemplazo Tipo de ítem Koha
        Biblioteca del Ateneo de Madrid Biblioteca del Ateneo de Madrid Depósito 2 17/01/2008     L-12884 1005963 23/02/2023 23/02/2023 Libro impreso